| 000 | 00660nam a2200229 a 4500 | ||
|---|---|---|---|
| 008 | |||
| 020 | _a0750620560 (hbk. ) | ||
| 049 | _aMAIN | ||
| 090 |
_aQC53 _bINS |
||
| 245 | 1 | 0 |
_aInstrumentation reference book / _cedited by B.E. Noltingk. |
| 250 | _a2nd ed. | ||
| 260 |
_aOxford : _bButterwoth-Heinemann, _c1995. |
||
| 300 |
_avii, : _b[various pages]. ; _c25 cm |
||
| 504 | _aIncludes bibliographical references. | ||
| 500 | _aIncludes index. | ||
| 650 | 1 | _aInstrumentation. | |
| 907 |
_a.b10145345 _b29-09-10 _c04-01-05 |
||
| 003 | |||
| 005 | 20230120191412.0 | ||
| 040 | _cNUST | ||
| 942 |
_cBOOKS _kQC53 _mINS |
||
| 999 |
_c100494 _d100494 |
||